000 00596nam a2200181Ia 4500
008 151018s9999 xx 000 0 und d
082 _bRBASDV29291
_a891.436
100 _aकापका फ्रांत्स्क
245 _aपिता को पत्र
250 _b1
260 _bराधाकृष्ण
_c1997
300 _a99
600 _aकापका फ्रांत्स्क
630 _aपिता को पत्र
700 _aकापका फ्रांत्स्क
730 _aपिता को पत्र
942 _cBOOK
999 _c1028852
_d1028849